| Tag |
First Indicator |
Second Indicator |
Subfields |
| LEADER |
00000cam a2200000 a 4500 |
| 001 |
in00000098617 |
| 005 |
20150924085858.0 |
| 008 |
820112s1981 dcu b 00010 eng |
| 010 |
|
|
|a 81051756
|
| 020 |
|
|
|a 0877662991 (pbk.)
|
| 035 |
|
|
|a (OCoLC)07938688
|
| 035 |
|
|
|9 AAK9723AM
|
| 039 |
0 |
|
|a 2
|b 3
|c 3
|d 3
|e 3
|
| 040 |
|
|
|a DLC
|c DLC
|d TXA
|d UtOrBLW
|
| 043 |
|
|
|a n-us---
|
| 049 |
|
|
|a TXAM
|c [1562240]
|
| 050 |
0 |
0 |
|a HN90 C6
|b M39
|
| 082 |
0 |
|
|a 361.8/0973
|2 19
|
| 100 |
1 |
|
|a Mayer, Neil.
|
| 245 |
1 |
0 |
|a Keys to the growth of neighborhood development organizations /
|c Neil S. Mayer, with Jennifer L. Blake.
|
| 264 |
|
1 |
|a Washington, D.C. :
|b Urban Institute Press,
|c [1981]
|
| 264 |
|
4 |
|c ©1981
|
| 300 |
|
|
|a ix, 96 pages ;
|c 23 cm.
|
| 336 |
|
|
|a text
|b txt
|2 rdacontent
|
| 337 |
|
|
|a unmediated
|b n
|2 rdamedia
|
| 338 |
|
|
|a volume
|b nc
|2 rdacarrier
|
| 490 |
1 |
|
|a An Urban Institute paper
|
| 504 |
|
|
|a Includes bibliographical references.
|
| 650 |
|
0 |
|a Community organization
|z United States.
|
| 650 |
|
0 |
|a Community development
|z United States.
|
| 700 |
1 |
|
|a Blake, Jennifer L.
|
| 830 |
|
0 |
|a Urban Institute paper.
|
| 999 |
|
|
|a MARS
|
| 999 |
f |
f |
|s fae8064c-df04-3b00-86ce-f9954584b52a
|i ecbcbfa0-7f65-362b-8c41-4bb27be4e6b8
|t 0
|
| 952 |
f |
f |
|p ric
|a Texas A&M University
|b Rellis Campus
|c Joint Library Facility
|d Remote Storage
|t 0
|e HN90 C6 M39
|h Library of Congress classification
|i unmediated -- volume
|m A14806030068
|
| 998 |
f |
f |
|a HN90 C6 M39
|t 0
|l Remote Storage
|